| 000 | 01225cab a2200253 4500 | ||
|---|---|---|---|
| 001 | ABS68564 | ||
| 008 | 041216n2004 000 0 eng u | ||
| 035 | _a(Sirsi) u128342 | ||
| 100 | _aGallent, N. | ||
| 245 | _aSecond homes: a new framework for policy | ||
| 260 | _c2004 | ||
| 490 |
_aTown Planning Review _v75(3) 2004, 287-308(22) |
||
| 520 | _aUpdates "Second homes: a new framework for policy" (M. Shucksmith, "Town Planning Review" 75(3) 2004, 174-195(19)) looking at the impact of second homes on the English countryside. The authors report on the results of research which they undertook on behalf of the English countryside. Looks at a range of issues including housing affordability and access, house building, mitigation and return, local services and community, planning and council tax. Concludes that both planning powers and fiscal controls should be directed at assisting communities affected by second home concentrations. | ||
| 590 | _aABS | ||
| 650 | _aSECOND HOMES | ||
| 650 | _aRURAL HOMES | ||
| 650 | _aCOUNTRYSIDE | ||
| 650 | _aHOUSE BUILDING | ||
| 650 | _aCOUNCIL TAX | ||
| 690 |
_aPlanning and development _96259 |
||
| 700 | _aMace, A. | ||
| 700 | _aTewdwr-Jones, M. | ||
| 942 | _n0 | ||
| 999 |
_c74679 _d74679 |
||